000 00727nas a2200253 4500
001 BR9510149
003 BR-BrBNA
005 20231205095541.0
007 ta
008 230509b bl.|||p| |||| 00| 00por d
040 _aBR-BrBNA
_bpor
_cBiblioteca Nacional de Agricultura
041 _a(Pt)
072 _aH10
100 1 _aLink, D.
100 1 _aNaibo, J.G.
245 1 _aNivel de infestacao de Butiobruchus sp em amendoas de butiazeiro
650 _aPalmeira Oleaginosa
650 _aCaruncho
650 _aInfestacao
650 _aBiologia
773 0 _tCiencia Rural (Brazil)
_xISSN 0103-8478
_g(May-Aug 1995), v. 25(2) p. 201-203
_wBR9510149
909 _a202311
_bLúcia
_c55
_dLúcia Elande
942 _2AGRIS
_n0
_cANA
999 _c151316
_d151316